00463 2200181 4500001002100000005001500021035002000036245005600056100001900112250000600131856004500137260004100182082000800223084001400231990001200245990001200257990001200269INLIS00000000000172320250505094746 a0010-05250000151 aMenyapu Awan Dikaki Bukit Barisan /cVaruni Dian W.0 aVaruni Dian W. a1 aRuang Baca Umum No Klas 800 ( Rak 3,4,5) aYogyakarta :bMita Gama Widya,c2000 a813 a813 VAR m a00.0207 a00.0208 a00.0209